000 00277nam a22001337a 4500
008 181009b xxu||||| |||| 00| 0 eng d
020 _a394503201
041 _aeng
080 _a710
100 _a44
101 _aART
245 _aWhat Is Art?
_cCanaday,J
942 _2udc
_cBK
999 _c49233
_d49233